|
|
|
|
| LEADER |
01031nam a2200253 a 4500 |
| 001 |
51313785 |
| 008 |
0909016s2001 ii a 001 0 eng d |
| 020 |
|
|
|a 8120319141
|
| 040 |
|
|
|a OL
|c OL
|
| 082 |
0 |
0 |
|a 363.3480954
|2 21
|
| 245 |
0 |
0 |
|a Disaster mitigation :
|b experiences and reflections /
|c editors, Pardeep Sahni, Alka Dhameja, Uma Medury.
|
| 260 |
|
|
|a New Delhi :
|b Prentice-Hall of India,
|c 2001.
|
| 300 |
|
|
|a xvii, 214 p. :
|b ill. ;
|c 25 cm.
|
| 500 |
|
|
|a "Eastern economy edition."--Cover.
|
| 504 |
|
|
|a Includes bibliographical references and index.
|
| 541 |
1 |
|
|e 00015355
|
| 650 |
|
0 |
|a Natural disasters
|z India.
|
| 650 |
|
0 |
|a Emergency management
|z India.
|
| 700 |
1 |
|
|a Sahni, Pardeep,
|d 1955-
|
| 700 |
1 |
|
|a Medury, Uma,
|d 1958-
|
| 700 |
1 |
|
|a Dhameja, Alka
|
| 852 |
4 |
|
|a Ayesha Abed Library
|j General Shelf.
|
| 999 |
|
|
|c 4174
|d 4174
|
| 952 |
|
|
|0 0
|1 0
|2 ddc
|4 0
|6 363_348095400000000_DIS_2001
|7 0
|9 3838
|a BRACUL
|b BRACUL
|c GEN
|d 2009-10-03
|g 500.00
|l 3
|m 19
|o 363.3480954 DIS
|p 3010015355
|r 2025-12-28
|s 2025-12-28
|t 1
|v 1000.00
|w 2009-10-03
|y BK
|